00285nam a2200121Ia 4500008004100000100001200041245002500053260003200078300000900110650002000119942000700139999001700146190216s9999||||xx |||||||||||||| ||und|| aThulasi 0aEe Hridayam Poovanau bPoorna Pubs Kozhikodec1987 a121p aMalayalam Novel cBK c27403d27403